000 00741cam a2200229 a 4500
001 2034101
005 20180202040042.0
008 921217s1993 flua b 101 0 eng
010 _a 92046759
020 _a0873715500 (acidfree paper)
040 _aDLC
_cDLC
_dDLC
041 _aeng
080 _a628.35 ger
082 0 0 _a628.35 ger
_220
100 _a9
101 _amje
245 0 0 _aConstructed wetlands for water quality improvement /
_cedited by Gerald A. Moshiri.
504 _aIncludes bibliographical references and index.
906 _a7
_bcbc
_corignew
_d1
_eocip
_f19
_gy-gencatlg
942 _2ddc
_cBK
999 _c41581
_d41581